| 000 | 01133naa a22002777a 4500 | ||
|---|---|---|---|
| 001 | BR7906559 | ||
| 003 | BR-BrBNA | ||
| 005 | 20240918174447.0 | ||
| 007 | ta | ||
| 008 | 230509b bl.||||| |||| 00| 0 por d | ||
| 040 |
_aBR-BrBNA _bpor _cBiblioteca Nacional de Agricultura |
||
| 041 | _a(Pt) | ||
| 072 |
_aL10; L74 _b7100 |
||
| 090 | _aL10 BR7906559 | ||
| 100 | 1 | _aSoares, A.E.F. | |
| 111 | 1 |
_aSimposio Internacional da Apimondia sobre Apicultura em Clima Quente _cFlorianopolis, SC (Brazil) _d19 Oct 1978 |
|
| 245 | 1 | _aFatores que alteram a expressividade da mutacao "Ferrao aberto" em Apis mellifera L. [Abelha] | |
| 260 | 3 |
_aBucareste (Romania): _bApimondia, _c1979. |
|
| 500 | _aHarnaj, V.; Wiese, H. (eds.) Apicultura em clima quente. Simposio internacional Bucareste (Romania): Apimondia, 1979. p. 144-145 (BR7906559-AM)L10 | ||
| 650 | _aABELHA | ||
| 650 | _aMUTACAO | ||
| 650 | _aRADIACAO ATOMICA | ||
| 773 | 0 |
_tApicultura em clima quente. Simposio internacional _aHarnaj, V.; Wiese, H. (eds.) _wL10 BR7906559 _gBucareste (Romania), 1979. p. 144-145 |
|
| 909 |
_a202404 _bLucia _c55 _dLucia Elande |
||
| 942 |
_cAM _2AGRIS |
||
| 999 |
_c311414 _d311414 |
||